000 00741nam a2200217 i 4500
001 115519
003 ES-MaACL
005 20230906190454.0
007 t|
008 070314s1923 sp ||||1| spa d
100 1 _aRinne, Friedrich.
_997289
245 1 0 _aIntroducción al estudio de los cristales y la estructura íntima de la materia /
_cF. Rinne ; traducida del alemán por Francisco Pardillo.
260 _aMadrid :
_bCalpe,
_c[1923]
300 _a161 p. :
_bil. ;
_c17 cm.
490 1 _aBiblioteca contemporánea de ciencias
650 0 4 _aCristalografía.
_911424
700 1 _aPardillo, Francisco.
_988951
830 0 _aBiblioteca contemporánea de ciencias
_9233266
852 _aES-MaACL
_jB-3770
999 _c115519
_d115519